[Event "Wloclawek CC Classic 15th"]
[Site "Wloclawek"]
[Date "2016.??.??"]
[Round "5"]
[White "Jakuc, Pawel"]
[Black "Jarocka, Liwia"]
[Result "1/2-1/2"]
[WhiteElo "1802"]
[BlackElo "1595"]
[PlyCount "83"]
[EventDate "2016.01.??"]
[EventType "swiss"]
[EventRounds "7"]
[EventCountry "POL"]
[SourceTitle "EXT 2021"]
[Source "ChessBase"]
[SourceDate "2020.10.23"]
[SourceVersion "1"]
[SourceVersionDate "2020.10.23"]
[SourceQuality "1"]

1. d4 Nf6 2. c4 d6 3. Nc3 g6 4. e4 Nbd7 5. f4 Nb8 6. Nf3 Bg7 7. Be2 0-0 8. 0-0 c5 9. d5 Nfd7 10. Kh1 a6 11. a4 Qc7 12. Qc2 e6 13. dxe6 fxe6 14. Ng5 Nf6 15. e5 Ne8 16. Bg4 Qe7 17. Be3 dxe5 18. fxe5 Nc6 19. Rxf8+ Bxf8 20. Qe4 Ng7 21. Ne2 Nf5 22. Nf3 Bd7 23. Bg5 Qe8 24. Bf6 Rc8 25. Rd1 Bg7 26. Ng5 h6 27. Bxg7 Kxg7 28. Nf3 Nd8 29. b3 Bc6 30. Qd3 Nf7 31. Nf4 Rd8 32. Qe2 Rxd1+ 33. Qxd1 Qe7 34. Bxf5 exf5 35. Nd5 Qe6 36. Qa1 Kh7 37. Nf4 Qe7 38. Nd5 Qe6 39. Nf4 Qe7 40. Nd5 Qe6 41. Nf4 Qe7 42. Nd5 1/2-1/2

[Event "Wloclawek CC Classic 15th"]
[Site "Wloclawek"]
[Date "2016.??.??"]
[Round "2"]
[White "Jakuc, Pawel"]
[Black "Lapinski, Jerzy"]
[Result "1-0"]
[WhiteElo "1802"]
[BlackElo "1547"]
[PlyCount "43"]
[EventDate "2016.01.??"]
[EventType "swiss"]
[EventRounds "7"]
[EventCountry "POL"]
[SourceTitle "EXT 2021"]
[Source "ChessBase"]
[SourceDate "2020.10.23"]
[SourceVersion "1"]
[SourceVersionDate "2020.10.23"]
[SourceQuality "1"]

1. d4 d5 2. c4 Nf6 3. cxd5 Qxd5 4. Nc3 Qf5 5. Nf3 e6 6. e3 Bb4 7. Bd3 Bxc3+ 8. bxc3 Qa5 9. Bd2 c6 10. 0-0 Nbd7 11. e4 b5 12. e5 Ng8 13. Ng5 Ne7 14. Qf3 Nf5 15. Bxf5 exf5 16. Qxf5 Nf6 17. Qf4 h6 18. exf6 hxg5 19. fxg7 Rg8 20. Qd6 Qb6 21. Bxg5 Rxg7 22. Qe7# 1-0

[Event "Wloclawek CC Classic 15th"]
[Site "Wloclawek"]
[Date "2016.??.??"]
[Round "4"]
[White "Jeziorny, Janusz"]
[Black "Jakuc, Pawel"]
[Result "1/2-1/2"]
[WhiteElo "1780"]
[BlackElo "1802"]
[PlyCount "164"]
[EventDate "2016.01.??"]
[EventType "swiss"]
[EventRounds "7"]
[EventCountry "POL"]
[SourceTitle "EXT 2021"]
[Source "ChessBase"]
[SourceDate "2020.10.23"]
[SourceVersion "1"]
[SourceVersionDate "2020.10.23"]
[SourceQuality "1"]

1. e4 c6 2. d4 d5 3. e5 Bf5 4. Be3 e6 5. Nd2 Nd7 6. Ngf3 Ne7 7. Nb3 Qc7 8. Nh4 Bg6 9. f4 Nf5 10. Nxf5 Bxf5 11. Be2 Be7 12. 0-0 0-0 13. Bf3 c5 14. g4 cxd4 15. Nxd4 Be4 16. Bxe4 dxe4 17. Nb5 Qc6 18. Qe2 Bc5 19. Bxc5 Nxc5 20. Nd6 h6 21. b4 Na6 22. a3 f5 23. gxf5 exf5 24. c4 Nc7 25. Qh5 Ne8 26. Nxf5 Qxc4 27. Rac1 Qe6 28. Ng3 Qb3 29. Qe2 Qxa3 30. Qxe4 Rd8 31. Rcd1 Rxd1 32. Rxd1 Qb3 33. Rd7 b6 34. f5 a5 35. bxa5 bxa5 36. Qd5+ Qxd5 37. Rxd5 a4 38. Ra5 h5 39. Rxa4 Nc7 40. Rh4 Re8 41. Re4 h4 42. Nh5 Nb5 43. f6 Nd6 44. Re2 g6 45. Ng7 Rd8 46. exd6 Rxd6 47. Ne8 Rd8 48. Nc7 Kf7 49. Ne6 Rd6 50. Nf4 Kxf6 51. Kf2 g5 52. Ng2 Ra6 53. h3 Ra3 54. Ne3 Kg6 55. Kg2 Rb3 56. Ng4 Rb6 57. Ne5+ Kf5 58. Nf3 g4 59. Nd4+ Kf4 60. Ne6+ Kf5 61. Nd4+ Kf4 62. Rf2+ Ke4 63. hxg4 Kxd4 64. Kh3 Ke5 65. Kxh4 Rb8 66. g5 Rh8+ 67. Kg4 Ke6 68. g6 Rh1 69. Kg5 Ke7 70. g7 Rg1+ 71. Kh6 Rh1+ 72. Kg6 Rg1+ 73. Kh7 Rh1+ 74. Kg8 Ra1 75. Rf4 Ra2 76. Kh7 Rh2+ 77. Kg8 Ra2 78. Re4+ Kf6 79. Rf4+ Kg6 80. Rg4+ Kf6 81. Rf4+ Kg6 82. Rg4+ Kf6 1/2-1/2